000 00355nam a2200145Ia 4500
008 230312s9999||||xx |||||||||||||| ||und||
020 _a81-315-2519-7
082 _a611.91
_bSHO-H
100 _aShort;Marjorie.J
245 0 _aHead,Neck & Dental Anatomy
260 _bCengage
_aIndia
_c2013
300 _a321
650 _aMedical
_vDentistry
942 _cBK
999 _c13310
_d13310